10 Hauptstädte in 20 Sekunden - Statistiken

Allgemein
  • Dieses Quiz wurde 302 mal gespielt
  • Das Durchschnittsergebnis liegt bei 6 aus 10
Antwortstatistiken
Land Hauptstadt % Korrekt
Spanien Madrid
100%
Deutschland Berlin
99%
Österreich Wien
95%
USA Washington D.C.
77%
Australien Canberra
60%
China Peking
52%
Montenegro Podgorica
48%
Brasilien Brasilia
37%
Kanada Ottawa
24%
Afghanistan Kabul
17%
Keine übereinstimmenden Quizze gefunden
Verteilung der Resultate
Anzahl Personen mit jedem Resultat
Perzentil nach korrekt beantworteten Fragen
Ihre Resultats-Entwicklung
Sie haben dieses Quiz noch nicht gespielt